NASRETTİN HOCA'DAN FIKRALAR (Record no. 1109908)

MARC details
000 -LEADER
sabit uzunluktaki kontrol alanı 00276nam a2200097Ia 4500
001 - KONTROL NUMARASI
kontrol alanı 1109908
005 - EN SON İŞLEMİN TARİH VE ZAMANI
kontrol alanı 20250827003841.0
008 - SABİT-UZUNLUKTA VERİ ÖĞELERİ--GENEL BİLGİ
sabit uzunluktaki kontrol alanı 250824s9999 xx 000 0 und d
245 #0 - ESER / YAZAR
ESER ADI NASRETTİN HOCA'DAN FIKRALAR
Yazar Adı MUSTAFA AFŞİN GÜRLER
260 ## - YAYIN, DAĞITIM, VB.
YAYIN EVİ MİLLİ EĞİTİM BAKANLIĞI
Holdings
Düşüm durumu Kayıp durumu Hasar Durumu Ödünç verilmez Ana kütüphane Geçerli Kütüphane Edinilen tarih Toplam ödünç verme sayısı Barkod Son görüntüleme tarihi Fiyatın geçerli olmaya başladığı tarih Koha materyal türü
        100. YIL AHMET HAŞHAŞ ORTAOKULU 100. YIL AHMET HAŞHAŞ ORTAOKULU 24.08.2025   10035309 27.08.2025 27.08.2025 Books